[Event "Volga Region-ch (Women) 12th"]
[Site "Togliatti"]
[Date "2014.03.14"]
[Round "1"]
[White "Makarenko, Alexandra"]
[Black "Koskova, Galina"]
[Result "1-0"]
[WhiteElo "2098"]
[BlackElo "1765"]
[PlyCount "47"]
[EventDate "2014.03.14"]
[EventType "swiss"]
[EventRounds "9"]
[EventCountry "RUS"]
[SourceTitle "CBM 159 Extra"]
[Source "ChessBase"]
[SourceDate "2014.04.24"]
[SourceVersion "1"]
[SourceVersionDate "2014.04.24"]
[SourceQuality "1"]

1. e4 c5 2. Nf3 Nc6 3. Nc3 d6 4. d4 cxd4 5. Nxd4 e6 6. g4 Nge7 7. Be3 Nxd4 8. Bxd4 Nc6 9. Be3 Be7 10. Qd2 a6 11. 0-0-0 0-0 12. g5 b5 13. f4 Bb7 14. Bd3 Qc7 15. Kb1 Rac8 16. Rhg1 Na5 17. f5 Kh8 18. Qf2 Nc4 19. f6 Bd8 20. Bxc4 bxc4 21. Qh4 Rb8 22. Rg3 Bc8 23. Rh3 h6 24. fxg7+ 1-0

[Event "PriFR-ch (Women) 10th"]
[Site "Perm"]
[Date "2011.01.08"]
[Round "7"]
[White "Koskova, Galina"]
[Black "Artemenko, Rimma"]
[Result "1-0"]
[WhiteElo "1846"]
[BlackElo "1566"]
[PlyCount "53"]
[EventDate "2011.01.04"]
[EventType "swiss"]
[EventRounds "9"]
[EventCountry "RUS"]
[SourceTitle "EXT 2022"]
[Source "ChessBase"]
[SourceDate "2021.10.06"]
[SourceVersion "1"]
[SourceVersionDate "2021.10.06"]
[SourceQuality "1"]

1. e4 e6 2. Nc3 b6 3. g3 Bb7 4. Bg2 Nf6 5. d3 Bb4 6. Nge2 d5 7. e5 Nfd7 8. d4 c5 9. a3 Bxc3+ 10. bxc3 c4 11. a4 Nc6 12. Ba3 a5 13. 0-0 Rb8 14. f4 Ne7 15. g4 0-0 16. f5 Re8 17. f6 Ng6 18. g5 Ndf8 19. Qe1 Bc6 20. h4 Qd7 21. h5 Nh8 22. fxg7 Kxg7 23. Qf2 Qd8 24. Qf6+ Qxf6 25. gxf6+ Kh6 26. Bf3 Nd7 27. Bc1# 1-0

[Event "PriFR-ch (Women) 10th"]
[Site "Perm"]
[Date "2011.01.06"]
[Round "4"]
[White "Koskova, Galina"]
[Black "Shur, Tatiana"]
[Result "0-1"]
[WhiteElo "1846"]
[BlackElo "1706"]
[PlyCount "50"]
[EventDate "2011.01.04"]
[EventType "swiss"]
[EventRounds "9"]
[EventCountry "RUS"]
[SourceTitle "EXT 2022"]
[Source "ChessBase"]
[SourceDate "2021.10.06"]
[SourceVersion "1"]
[SourceVersionDate "2021.10.06"]
[SourceQuality "1"]

1. b4 Nf6 2. Bb2 d5 3. e3 Nbd7 4. c4 c6 5. b5 c5 6. a4 e5 7. cxd5 Nxd5 8. Nf3 e4 9. Ne5 Nxe5 10. Bxe5 Be6 11. Be2 Qg5 12. Bg3 h5 13. h4 Qf6 14. Na3 Nb4 15. 0-0 g5 16. d4 Bg7 17. Be5 Qg6 18. Bxh5 Rxh5 19. Bxg7 gxh4 20. Be5 Bh3 21. g3 hxg3 22. Bxg3 Bxf1 23. Qxf1 Qh7 24. Kg2 Qf5 25. Qe2 Qh3+ 0-1

[Event "Perm op 06"]
[Site "Perm"]
[Date "2010.06.30"]
[Round "9"]
[White "Drozdov, Alexander"]
[Black "Koskova, Galina"]
[Result "0-1"]
[WhiteElo "2037"]
[BlackElo "1932"]
[PlyCount "72"]
[EventDate "2010.06.21"]
[EventType "swiss"]
[EventRounds "9"]
[EventCountry "RUS"]
[SourceTitle "CBM 137 Extra"]
[Source "ChessBase"]
[SourceDate "2010.09.01"]
[SourceVersion "1"]
[SourceVersionDate "2010.09.01"]
[SourceQuality "1"]

1. d4 Nf6 2. Nf3 d6 3. Bf4 g6 4. h3 Bg7 5. e3 0-0 6. Be2 c6 7. 0-0 Nbd7 8. Nbd2 Re8 9. c3 b6 10. Bc4 d5 11. Bd3 Bb7 12. a4 c5 13. a5 c4 14. Bc2 Qc8 15. Qb1 b5 16. Ne5 Nxe5 17. Bxe5 a6 18. f4 Qc6 19. f5 Ne4 20. Nxe4 dxe4 21. Bxg7 Kxg7 22. Rf4 gxf5 23. Rxf5 e6 24. Rc5 Qd7 25. Bxe4 Bd5 26. Qc2 f5 27. Bxd5 exd5 28. Qf2 b4 29. cxb4 Rab8 30. Qd2 f4 31. exf4 Re4 32. Rf1 Rbe8 33. Rf2 Re1+ 34. Kh2 Qf5 35. Qc3 R8e3 36. Qd2 Qg6 0-1

[Event "Perm op 06"]
[Site "Perm"]
[Date "2010.06.23"]
[Round "3"]
[White "Ignashevich, Anna"]
[Black "Koskova, Galina"]
[Result "0-1"]
[WhiteElo "1773"]
[BlackElo "1932"]
[PlyCount "72"]
[EventDate "2010.06.21"]
[EventType "swiss"]
[EventRounds "9"]
[EventCountry "RUS"]
[SourceTitle "CBM 137 Extra"]
[Source "ChessBase"]
[SourceDate "2010.09.01"]
[SourceVersion "1"]
[SourceVersionDate "2010.09.01"]
[SourceQuality "1"]

1. d4 d5 2. Nf3 Nf6 3. e3 c6 4. Bd3 Bg4 5. 0-0 e6 6. Nbd2 Be7 7. c3 0-0 8. Qb3 Qb6 9. Ne5 Bh5 10. f4 c5 11. Ndf3 Qc7 12. Qd1 c4 13. Bc2 Nc6 14. h3 Ne4 15. Qe1 f5 16. Nxc6 bxc6 17. Ne5 c5 18. Kh2 Rac8 19. Bxe4 fxe4 20. g4 Be8 21. Qg3 Bd6 22. f5 exf5 23. gxf5 Rf6 24. Bd2 Rb8 25. Rab1 Ba4 26. Be1 Bc2 27. Rc1 Bd3 28. Rf2 Rbf8 29. b3 Rxf5 30. Kh1 cxd4 31. exd4 Rf3 32. Rxf3 Rxf3 33. Qg4 Rf1+ 34. Kg2 Bxe5 35. dxe5 Qb6 36. Kh2 h5 0-1

[Event "Perm op 06"]
[Site "Perm"]
[Date "2010.06.22"]
[Round "2"]
[White "Koskova, Galina"]
[Black "Alekseev, Sergey"]
[Result "0-1"]
[WhiteElo "1932"]
[BlackElo "2037"]
[PlyCount "102"]
[EventDate "2010.06.21"]
[EventType "swiss"]
[EventRounds "9"]
[EventCountry "RUS"]
[SourceTitle "CBM 137 Extra"]
[Source "ChessBase"]
[SourceDate "2010.09.01"]
[SourceVersion "1"]
[SourceVersionDate "2010.09.01"]
[SourceQuality "1"]

1. e4 c5 2. Nf3 d6 3. d4 cxd4 4. Nxd4 Nf6 5. Nc3 a6 6. Be2 e5 7. Nb3 Be6 8. 0-0 Qc7 9. Be3 Nbd7 10. Kh1 Be7 11. f3 0-0 12. g4 Nb6 13. Qe1 Nc4 14. Bc1 Rac8 15. Bd3 b5 16. a3 Rfd8 17. Ne2 d5 18. Ng3 dxe4 19. Nxe4 Nxe4 20. Qxe4 g6 21. Qe1 Bf6 22. Be4 Bg7 23. Nd2 Nd6 24. c3 Nxe4 25. Nxe4 Rd3 26. Qh4 Bd5 27. Nf6+ Bxf6 28. Qxf6 Qc6 29. Qxc6 Bxc6 30. Kg2 f6 31. Bh6 Rcd8 32. Rf2 Kf7 33. h4 Rg8 34. Re1 Rgd8 35. Be3 R8d7 36. Rfe2 a5 37. Kf2 a4 38. Rc2 Bd5 39. Rd2 Bc4 40. Red1 Ke6 41. Rxd3 Bxd3 42. Rd2 f5 43. g5 Rd5 44. f4 Bb1 45. Rxd5 Kxd5 46. fxe5 Kxe5 47. Kf3 Bc2 48. Bd4+ Kd5 49. Kf4 Bd1 50. Bg7 Kc4 51. Ke3 Kb3 0-1

[Event "Perm op 04"]
[Site "Perm"]
[Date "2010.04.29"]
[Round "8"]
[White "Koskova, Galina"]
[Black "Baranova, Margarita"]
[Result "1-0"]
[WhiteElo "2273"]
[BlackElo "1822"]
[PlyCount "89"]
[EventDate "2010.04.22"]
[EventType "swiss"]
[EventRounds "9"]
[EventCountry "RUS"]
[SourceTitle "EXT 2012"]
[Source "ChessBase"]
[SourceDate "2011.11.24"]
[SourceVersion "1"]
[SourceVersionDate "2011.11.24"]
[SourceQuality "1"]

1. e4 e6 2. d4 d5 3. Nd2 Nf6 4. Bd3 c5 5. e5 Nfd7 6. c3 Qb6 7. Ne2 Nc6 8. Nf3 cxd4 9. cxd4 f6 10. exf6 Nxf6 11. 0-0 Bd6 12. Bd2 0-0 13. Bc3 Bd7 14. Ng3 Nd8 15. Re1 Bb5 16. Bc2 Bf4 17. a4 Bc4 18. a5 Qd6 19. Ne5 Bb5 20. Nh5 Bh6 21. Nxf6+ Rxf6 22. Ng4 Rf7 23. Nxh6+ gxh6 24. Bd2 Qf8 25. Ra3 Rc8 26. Rg3+ Kh8 27. Bb1 Rf6 28. Ree3 Rc7 29. Ref3 Rcf7 30. Qc2 Rf5 31. Rxf5 exf5 32. Rh3 Rf6 33. Qc1 f4 34. Qc7 Nf7 35. Bxf4 Bd7 36. Rg3 Bf5 37. Bxf5 Rxf5 38. h3 a6 39. Be3 Nd6 40. f3 Rf7 41. Qc1 Nf5 42. Rg4 h5 43. Rg5 h6 44. Rxh5 Ng3 45. Bxh6 1-0

[Event "Perm op 04"]
[Site "Perm"]
[Date "2010.04.24"]
[Round "3"]
[White "Koskova, Galina"]
[Black "Vshivtsev, Valery"]
[Result "0-1"]
[WhiteElo "2273"]
[BlackElo "1949"]
[PlyCount "100"]
[EventDate "2010.04.22"]
[EventType "swiss"]
[EventRounds "9"]
[EventCountry "RUS"]
[SourceTitle "EXT 2012"]
[Source "ChessBase"]
[SourceDate "2011.11.24"]
[SourceVersion "1"]
[SourceVersionDate "2011.11.24"]
[SourceQuality "1"]

1. e4 e5 2. Nf3 Nc6 3. Bc4 Bc5 4. 0-0 Nf6 5. b4 Bxb4 6. c3 Be7 7. Re1 0-0 8. d4 d6 9. h3 exd4 10. Nxd4 Na5 11. Bd3 d5 12. e5 Ne4 13. f3 Nc5 14. Bc2 Nc4 15. Nf5 Bxf5 16. Bxf5 c6 17. Nd2 Bg5 18. Nf1 Bxc1 19. Rxc1 Qg5 20. Bb1 Nxe5 21. g3 Qf6 22. Kg2 Nc4 23. Qe2 g6 24. Nh2 Rae8 25. Qf2 b6 26. h4 h5 27. g4 Qf4 28. gxh5 gxh5 29. Kh1 Kh8 30. Qc2 f5 31. Rxe8 Rxe8 32. Rg1 Ne3 33. Qf2 Ne6 34. Rg3 Rg8 35. Rxg8+ Kxg8 36. Qd2 Kf7 37. Qd3 Kf6 38. a4 a5 39. Qd2 c5 40. Bd3 c4 41. Be2 d4 42. cxd4 Qxd4 43. Qc1 c3 44. f4 Nxf4 45. Qg1 Nxe2 46. Qg5+ Ke6 47. Qh6+ Kd5 48. Nf3 c2 49. Kh2 c1Q 50. Qe6+ Kxe6 0-1

[Event "Perm op 02"]
[Site "Perm"]
[Date "2010.03.04"]
[Round "5"]
[White "Liang, Vladimir"]
[Black "Koskova, Galina"]
[Result "1-0"]
[WhiteElo "2028"]
[BlackElo "2037"]
[PlyCount "61"]
[EventDate "2010.02.27"]
[EventType "swiss"]
[EventRounds "9"]
[EventCountry "RUS"]
[SourceTitle "EXT 2011"]
[Source "ChessBase"]
[SourceDate "2010.11.26"]
[SourceVersion "1"]
[SourceVersionDate "2010.11.26"]
[SourceQuality "1"]

1. d4 d5 2. c4 c6 3. Nf3 Nf6 4. Nc3 e6 5. e3 Nbd7 6. Qc2 Bd6 7. g4 Nxg4 8. Rg1 Qf6 9. Rxg4 Qxf3 10. Rxg7 Nf6 11. h3 dxc4 12. Bg2 Qh5 13. e4 Rg8 14. Rxg8+ Nxg8 15. e5 Be7 16. Qa4 Bd7 17. Qxc4 Qg6 18. Kf1 b5 19. Qe2 Rb8 20. Ne4 Nh6 21. Bxh6 Qxh6 22. Qg4 Qg6 23. Rc1 Rb6 24. Qe2 Qh6 25. Rd1 Qf4 26. Qd3 Qh4 27. Kg1 Ra6 28. a3 Ra4 29. b4 Qh6 30. Nc5 Qg6 31. Nxa4 1-0

[Event "Perm op 02"]
[Site "Perm"]
[Date "2010.03.02"]
[Round "3"]
[White "Zubkov, Mikhail"]
[Black "Koskova, Galina"]
[Result "0-1"]
[WhiteElo "1695"]
[BlackElo "2037"]
[PlyCount "68"]
[EventDate "2010.02.27"]
[EventType "swiss"]
[EventRounds "9"]
[EventCountry "RUS"]
[SourceTitle "EXT 2011"]
[Source "ChessBase"]
[SourceDate "2010.11.26"]
[SourceVersion "1"]
[SourceVersionDate "2010.11.26"]
[SourceQuality "1"]

1. d4 Nf6 2. c4 e6 3. Nc3 d5 4. Bg5 Be7 5. e3 0-0 6. Nf3 h6 7. Bh4 b6 8. a3 Bb7 9. Be2 Nbd7 10. 0-0 dxc4 11. Bxc4 c5 12. d5 Nxd5 13. Bxd5 Bxd5 14. Bg3 Bc6 15. Qe2 Nf6 16. Rfd1 Qc8 17. Ne1 Rd8 18. f3 Rxd1 19. Rxd1 a6 20. e4 Qb7 21. Qc2 Rd8 22. Rxd8+ Bxd8 23. Bd6 Ne8 24. e5 f5 25. Nd3 g5 26. b4 c4 27. Nb2 Nxd6 28. exd6 b5 29. Qe2 Qd7 30. Qe5 Kh7 31. Ne2 Kg6 32. Nd4 Bf6 33. Qxe6 Qxe6 34. Nxe6 Bxb2 0-1